000 00691nam a2200217 a 4500
001 12
005 20221127085831.0
008 050920s lxxua 00100 eng d
020 _a0072537809 :
_cSR136.00
035 _a20
082 0 4 _a658
_bF945 2004
100 1 _aFry, Fred L.
245 1 0 _aBusiness :
_ban integrative approach /
_cFred L. Fry, Charles Stoner, Richard Hattwick.
250 _a3rd ed.
260 _aBoston, Mass. :
_bMcGraw-Hill,
_c2004.
300 _axxxvi, 548 p. ;
_c26 cm.
_e2 CD.
504 _aIncludes bibl. references and index.
650 4 _aIndustrial management
_vCase studies
700 1 _aStoner, Charles R.,
_ejt. auth.
700 1 _aHattwick, Richard E.,
_ejt. auth.
999 _c12
_d12